| 000 | 00740nam a2200205Ia 4500 | ||
|---|---|---|---|
| 003 | GCL | ||
| 008 | 140319s9999 xx 000 0 ara d | ||
| 020 | _a5996001977 | ||
| 040 |
_aGCL / _cGCL |
||
| 082 | 0 | 4 |
_a782.0092 _bم ا |
| 100 | 1 | _aمحمد سعيد | |
| 245 | 1 | 0 |
_aاشهر مائة فى الغناء العربى : _bالتنوع فى الزمن الذهبى / _cمحمد سعيد |
| 260 |
_aالقاهرة : _bالهيئة المصرية العامة للكتاب ، _c2005 |
||
| 300 |
_a234 ص ؛ _c24 سم |
||
| 650 | 0 | 4 | _aالغناء |
| 650 | 0 | 4 | _aالمطربون والمطربات |
| 650 | 0 | 4 | _aالمطربون والمطربات - مصر |
| 650 | 0 | 4 | _aالمطربون والمطربات العرب |
| 942 |
_2ddc _cBK |
||
| 999 |
_c8729 _d8729 |
||